Movies Quiz

Random Movies Quiz

Movie Profile: The Breakfast Club Quiz Stats

 Plays Quiz not verified by Sporcle

Challenge
Share
Tweet
Embed
Score 0/20 Timer 04:00
0 Plays Today
Movie Profile Answer % Correct
'The Breakfast Club' was released in this year.1985
96.9%
The kids are there on Saturday for...Detention
94.1%
It starred this girl from 'Sixteen Candles'.Molly Ringwald
91.3%
As this character/stereotype...Claire Standish (The Princess)
90.8%
The film takes place almost entirely in this room of Shermer High School.Library
90.6%
As this character/stereotype...Andrew Clark (The Jock)
89.9%
It was the second film by this director.John Hughes
85.6%
As this character/stereotype...Brian Johnson (The Brain)
85.6%
As this character/stereotype...John Bender (The Criminal)
84.4%
This song, featured during the credits, was written specifically for the movie.'Don't You (Forget About Me)'
82.5%
Movie Profile Answer % Correct
The main antagonist, played by Paul Gleason, was this authority figure. Mr. Vernon
80.9%
And this guy, who would go on to star in 'The Mighty Ducks' franchise.Emilio Estevez
80.4%
And this guy, who at 26 was the oldest member of 'The Breakfast Club'.Judd Nelson
80.4%
As this character/stereotype...Allison Reynolds (The Basket Case)
79%
Finish his threat: 'Don't mess with the bull, young man...' 'You'll get the horns.'
77.2%
This girl who was also in 'War Games'.Ally Sheedy
77.1%
And this guy, who was also in 'Sixteen Candles'.Anthony Michael Hall
76.4%
It was performed by this band, who took it to #1 on the Billboard Hot 100.Simple Minds
62.9%
Who set most of his movies in the town of Shermer, a fictional suburb of...Chicago
56.4%
And three people from this movie that also came out in the same year:St. Elmo's Fire
50.2%

You're not logged in!

Compare scores with friends on all Sporcle quizzes.
OR
Log In

You Might Also Like...

Show Comments

Extras

Created Feb 16, 2015ReportNominate
Tags:breakfast, club, profile

Top Quizzes Today


Score Distribution

Your Account Isn't Verified!

In order to create a playlist on Sporcle, you need to verify the email address you used during registration. Go to your Sporcle Settings to finish the process.

Report this User

Report this user for behavior that violates our Community Guidelines.

Details: